Decoupling of deformation in the Skole nappe near Strzyżów (Outer Carpathians, SE Poland)

Bibliographic Details
Main Author: Uroda, Joanna (Author)
Format: Article
Language:English

MARC

LEADER 00000nab a2200000uu 4500
001 vtls010891104
003 SK-MaSNL
005 20260303141916.0
008 230222|2012 xo |||||||||||||||||eng|
015 |a SNBRB 
035 |a (urnnbn)urn:nbn:sk:snk:ar-005tf4 
035 |a (uuid)46d3b0e8-bb7d-4847-b534-8a9cc5821ae0 
035 |a urn:nbn:sk:snk-ab8kyz 
040 |a SNKBUCL  |b slo  |c SNKBUCL  |e AACR2 
041 0 |a eng 
044 |a xo  |c SK 
100 1 |a Uroda, Joanna  |4 aut  |9 1161807 
245 1 0 |a Decoupling of deformation in the Skole nappe near Strzyżów (Outer Carpathians, SE Poland)  |c Joanna Uroda 
773 0 |t Mineralia Slovaca : časopis pre regionálnu a environmentálnu geológiu a aktivity Slovenskej geologickej spoločnosti a geologických asociácií  |g Roč. 44, č. 1 (2012), s. 111 
958 |a OND 
958 |a EUIPO 
958 |a article10 
999 |c 1979577  |d 1981507